|
|
|
|
| LEADER |
01202nam a2200337 a 4500 |
| 001 |
c000005652 |
| 003 |
CARM |
| 005 |
00000000000000.0 |
| 008 |
850620s1985 stka b 00110 eng d |
| 019 |
1 |
|
|a 3836361
|z 12436882
|z 64921103
|5 LACONCORD2021
|
| 020 |
|
|
|a 0443034192 (pbk.) :
|c L.3.50
|
| 035 |
|
|
|a (OCoLC)11550677
|5 LACONCORD2021
|
| 040 |
|
|
|a DNLM/DLC
|c DLC
|d SIT
|
| 050 |
0 |
0 |
|a RC76
|b .M2 1985
|
| 060 |
|
|
|a WB 200 I61
|
| 100 |
1 |
|
|a Macleod, John.
|
| 245 |
1 |
0 |
|a Introduction to clinical examination /
|c John Macleod, E.B. French, J.F. Munro.
|
| 250 |
|
|
|a 4th ed.
|
| 260 |
|
|
|a Edinburgh ;
|a New York :
|b Churchill Livingstone,
|c 1985.
|
| 300 |
|
|
|a 122 p. :
|b ill. ;
|c 19 cm.
|
| 500 |
|
|
|a Includes index.
|
| 504 |
|
|
|a Bibliography: p. 116.
|
| 650 |
|
0 |
|a Physical diagnosis.
|
| 650 |
|
2 |
|a Diagnosis.
|
| 650 |
|
2 |
|a Physical examination.
|
| 700 |
1 |
|
|a French, E. B.
|q (Edward Brodie)
|
| 700 |
1 |
|
|a Munro, J. F.
|q (John Forbes)
|
| 852 |
8 |
|
|b CARM
|h A2:AE23H0
|i A02742
|p 0200546
|f BK
|
| 082 |
0 |
4 |
|a 616.07/54
|2 19
|
| 999 |
f |
f |
|i 304c2950-62fd-5fcf-8a48-f62ee9cf02a3
|s 75d054d1-f2e9-5bec-bbac-7fba87da0d48
|
| 952 |
f |
f |
|p Can circulate
|a CAVAL
|b CAVAL
|c CAVAL
|d CARM 1 Store
|e A02742
|f A2:AE23H0
|h Other scheme
|i book
|m 0200546
|